[Event "Wuerttemberg-ch U18"]
[Site "Stuttgart"]
[Date "2003.04.26"]
[Round "7"]
[White "Schlaich, Tobias"]
[Black "Krause, Felix"]
[Result "1-0"]
[WhiteElo "1475"]
[BlackElo "1449"]
[PlyCount "113"]
[EventDate "2003.04.??"]
[EventType "swiss"]
[EventRounds "7"]
[EventCountry "GER"]
[SourceTitle "EXT 2005"]
[Source "ChessBase"]
[SourceDate "2004.11.15"]
[SourceVersion "1"]
[SourceVersionDate "2004.11.15"]
[SourceQuality "1"]

1. e4 e5 2. Nf3 Nc6 3. Bb5 a6 4. Ba4 Bc5 5. 0-0 Nf6 6. Bxc6 bxc6 7. d3 d6 8. Nbd2 0-0 9. Nb3 Bb6 10. c3 Bg4 11. h3 Bh5 12. Re1 Re8 13. Bg5 h6 14. Be3 d5 15. g4 Bg6 16. Bxb6 cxb6 17. exd5 Qxd5 18. Re3 h5 19. c4 Qd6 20. g5 Nh7 21. Qc2 f6 22. gxf6 gxf6 23. c5 bxc5 24. Qxc5 Qd5 25. Nh4 Nf8 26. Rc1 Re6 27. Rg3 Kf7 28. Qxd5 cxd5 29. Rc7+ Re7 30. Rxe7+ Kxe7 31. Nxg6+ Nxg6 32. Rxg6 Rc8 33. Rg2 e4 34. dxe4 dxe4 35. f3 exf3 36. Rf2 Rg8+ 37. Kh2 Rg2+ 38. Rxg2 fxg2 39. Kxg2 Kd6 40. Kg3 Ke5 41. Nc5 f5 42. Nxa6 Ke4 43. Nc5+ Ke3 44. Ne6 Ke4 45. a4 Kd5 46. a5 Kxe6 47. a6 Ke5 48. a7 Kd4 49. a8Q Kc4 50. Kf4 Kb3 51. Kxf5 Kxb2 52. Qc6 Kb3 53. Ke4 Kb4 54. Kd3 Kb3 55. Qb5+ Ka2 56. Kc2 h4 57. Qb2# 1-0

[Event "Wuerttemberg-ch U18"]
[Site "Stuttgart"]
[Date "2003.04.23"]
[Round "2"]
[White "Schlaich, Tobias"]
[Black "Reischmann, Andreas"]
[Result "0-1"]
[WhiteElo "1475"]
[BlackElo "1614"]
[PlyCount "60"]
[EventDate "2003.04.??"]
[EventType "swiss"]
[EventRounds "7"]
[EventCountry "GER"]
[SourceTitle "EXT 2005"]
[Source "ChessBase"]
[SourceDate "2004.11.15"]
[SourceVersion "1"]
[SourceVersionDate "2004.11.15"]
[SourceQuality "1"]

1. e4 c5 2. Nf3 d6 3. Bc4 Nf6 4. Nc3 Nc6 5. 0-0 g6 6. h3 Bg7 7. d4 cxd4 8. Nxd4 0-0 9. Bg5 Qa5 10. Bxf6 Bxf6 11. Nb3 Qd8 12. Qd2 Bd7 13. Rab1 Rc8 14. Nd5 Bg7 15. f4 Be6 16. Ne3 Qb6 17. Bxe6 fxe6 18. Kh1 Nd4 19. Nxd4 Qxd4 20. Qd3 h5 21. f5 Qxd3 22. cxd3 Bd4 23. Nc4 exf5 24. exf5 Rxf5 25. Rxf5 gxf5 26. Re1 Kf7 27. Rc1 Kf6 28. Rf1 d5 29. Rf4 e5 30. Nd6 Rc1+ 0-1

[Event "Wuerttemberg-ch U18"]
[Site "Stuttgart"]
[Date "2003.04.22"]
[Round "1"]
[White "Bissbort, Julian"]
[Black "Schlaich, Tobias"]
[Result "1-0"]
[WhiteElo "1803"]
[BlackElo "1475"]
[PlyCount "45"]
[EventDate "2003.04.??"]
[EventType "swiss"]
[EventRounds "7"]
[EventCountry "GER"]
[SourceTitle "EXT 2005"]
[Source "ChessBase"]
[SourceDate "2004.11.15"]
[SourceVersion "1"]
[SourceVersionDate "2004.11.15"]
[SourceQuality "1"]

1. e4 c5 2. c3 Nc6 3. d4 e6 4. Nf3 Nf6 5. Bg5 h6 6. Bxf6 Qxf6 7. Be2 d5 8. exd5 exd5 9. 0-0 c4 10. b3 Be6 11. bxc4 dxc4 12. d5 0-0-0 13. Bxc4 Ne7 14. Qa4 Nxd5 15. Qxa7 Nc7 16. Nbd2 Bxc4 17. Nxc4 Na6 18. Rab1 Qc6 19. Na5 Bc5 20. Nxc6 Bxa7 21. Nxa7+ Kc7 22. Rfe1 Rhe8 23. Nb5+ 1-0